[Event "WCO2014"]
[Site "Tromso"]
[Date "2014.08.09"]
[Round "7.20"]
[WhiteID "12600083"]
[White "Hasford John Kojo"]
[BlackID "7000634"]
[Black "Nanjo Ryosuke"]
[Result "0-1"]
[LiveChessVersion "1.4.3"]
[BlackElo "2344"]
[WhiteElo "2055"]

1. d4 {[%clk 1:30:57]} e6 {[%clk 1:30:52]} 2. g3 {[%clk 1:31:03]} f5
{[%clk 1:30:56]} 3. Bg2 {[%clk 1:31:15]} Nf6 {[%clk 1:31:23]} 4. c4
{[%clk 1:31:04]} Be7 {[%clk 1:31:47]} 5. Nc3 {[%clk 1:30:55]} O-O
{[%clk 1:32:12]} 6. Nh3 {[%clk 1:31:05]} d6 {[%clk 1:32:37]} 7. Qb3
{[%clk 1:30:48]} Nc6 {[%clk 1:32:26]} 8. d5 {[%clk 1:27:55]} Na5 {[%clk 1:32:02]}
9. Qa4 {[%clk 1:27:55]} b6 {[%clk 1:31:14]} 10. dxe6 {[%clk 1:26:39]} Bxe6
{[%clk 1:31:02]} 11. Nd5 {[%clk 1:25:52]} c6 {[%clk 1:26:32]} 12. Nhf4
{[%clk 1:23:19]} Bf7 {[%clk 1:24:05]} 13. Ne3 {[%clk 1:21:46]} Qc8
{[%clk 1:06:35]} 14. Qc2 {[%clk 1:21:19]} g6 {[%clk 1:04:37]} 15. b4
{[%clk 1:21:11]} Nb7 {[%clk 1:04:55]} 16. Qa4 {[%clk 1:20:19]} g5
{[%clk 0:52:00]} 17. Nh3 {[%clk 1:18:47]} Ne4 {[%clk 0:48:17]} 18. Bb2
{[%clk 1:18:18]} d5 {[%clk 0:45:25]} 19. cxd5 {[%clk 1:17:49]} cxd5
{[%clk 0:45:06]} 20. Rc1 {[%clk 1:17:06]} Qe6 {[%clk 0:43:46]} 21. O-O
{[%clk 1:15:08]} Nbd6 {[%clk 0:37:49]} 22. Rfd1 {[%clk 1:11:44]} Nc4
{[%clk 0:35:23]} 23. Nxc4 {[%clk 1:03:54]} dxc4 {[%clk 0:35:48]} 24. Qa3
{[%clk 1:01:17]} Bg6 {[%clk 0:30:54]} 25. f3 {[%clk 0:59:18]} a5 {[%clk 0:17:39]}
26. fxe4 {[%clk 0:56:59]} axb4 {[%clk 0:18:04]} 27. Qe3 {[%clk 0:51:38]} c3
{[%clk 0:17:23]} 28. Bxc3 {[%clk 0:50:50]} bxc3 {[%clk 0:17:32]} 29. Qxc3
{[%clk 0:51:06]} fxe4 {[%clk 0:16:04]} 30. Qc4 {[%clk 0:49:35]} Qxc4
{[%clk 0:08:47]} 31. Rxc4 {[%clk 0:50:02]} Rxa2 {[%clk 0:08:46]} 32. Bxe4
{[%clk 0:49:16]} Bf7 {[%clk 0:07:41]} 33. Rc7 {[%clk 0:43:38]} Bc5+
{[%clk 0:07:39]} 34. Kh1 {[%clk 0:43:31]} h6 {[%clk 0:06:59]} 35. Rdd7
{[%clk 0:35:16]} Rxe2 {[%clk 0:05:23]} 36. Rxf7 {[%clk 0:35:12]} Rxf7
{[%clk 0:05:45]} 37. Bd5 {[%clk 0:34:07]} Ree7 {[%clk 0:06:04]} 38. Rc6
{[%clk 0:32:20]} g4 {[%clk 0:05:14]} 39. Rg6+ {[%clk 0:31:20]} Kh7
{[%clk 0:05:19]} 40. Bxf7 {[%clk 0:30:19]} gxh3 {[%clk 0:05:33]} 41. Re6
{[%clk 0:23:34]} Rxf7 {[%clk 0:05:53]} 42. Re1 {[%clk 0:24:02]} Re7
{[%clk 0:06:12]} 43. Rf1 {[%clk 0:23:49]} Bf2 0-1

[Event "WCO2014"]
[Site "Tromso"]
[Date "2014.08.09"]
[Round "7.19"]
[WhiteID "7000812"]
[White "Kojima Shinya"]
[BlackID "12600148"]
[Black "Anquandah Francis Eric"]
[Result "1-0"]
[LiveChessVersion "1.4.3"]
[BlackElo "1963"]
[WhiteElo "2373"]

1. Nf3 {[%clk 1:30:56]} Nf6 {[%clk 1:30:49]} 2. c4 {[%clk 1:31:20]} e6
{[%clk 1:31:08]} 3. Nc3 {[%clk 1:31:27]} b6 {[%clk 1:30:51]} 4. e4
{[%clk 1:31:38]} Bb7 {[%clk 1:30:33]} 5. Bd3 {[%clk 1:31:26]} d6 {[%clk 1:29:04]}
6. Bc2 {[%clk 1:31:04]} e5 {[%clk 1:24:34]} 7. d4 {[%clk 1:27:24]} exd4
{[%clk 1:24:40]} 8. Nxd4 {[%clk 1:27:13]} g6 {[%clk 1:24:21]} 9. O-O
{[%clk 1:25:04]} Bg7 {[%clk 1:24:04]} 10. Bg5 {[%clk 1:23:35]} O-O
{[%clk 1:22:33]} 11. Qd2 {[%clk 1:22:05]} Re8 {[%clk 1:20:15]} 12. Rae1
{[%clk 1:21:14]} Nbd7 {[%clk 1:16:37]} 13. f4 {[%clk 1:18:42]} h6
{[%clk 1:12:23]} 14. Bh4 {[%clk 1:14:47]} Qc8 {[%clk 1:09:33]} 15. Nf3
{[%clk 1:08:07]} Nh7 {[%clk 1:02:11]} 16. Kh1 {[%clk 1:06:14]} Bc6
{[%clk 0:57:01]} 17. Nd4 {[%clk 1:04:30]} Bb7 {[%clk 0:56:40]} 18. Nd5
{[%clk 1:02:34]} Ndf6 {[%clk 0:55:19]} 19. Nb5 {[%clk 0:57:13]} Nxd5
{[%clk 0:51:41]} 20. exd5 {[%clk 0:56:24]} Rxe1 {[%clk 0:49:05]} 21. Rxe1
{[%clk 0:56:09]} a6 {[%clk 0:48:25]} 22. Nd4 {[%clk 0:54:45]} Qg4
{[%clk 0:43:41]} 23. Nf3 {[%clk 0:52:14]} Bf6 {[%clk 0:33:03]} 24. Bxf6
{[%clk 0:50:29]} Nxf6 {[%clk 0:32:20]} 25. Re7 {[%clk 0:50:27]} Rc8
{[%clk 0:25:39]} 26. Nd4 {[%clk 0:27:00]} Kf8 {[%clk 0:23:53]} 27. Bd1
{[%clk 0:22:57]} Qh4 {[%clk 0:22:14]} 28. Nf3 {[%clk 0:22:52]} Qg4
{[%clk 0:21:50]} 29. Ng5 {[%clk 0:20:24]} Qf5 {[%clk 0:20:28]} 30. Rxf7+
{[%clk 0:20:39]} Kg8 {[%clk 0:20:23]} 31. Bc2 {[%clk 0:20:26]} Qg4
{[%clk 0:20:01]} 32. Rxf6 {[%clk 0:16:32]} hxg5 {[%clk 0:20:28]} 33. Rxg6+
{[%clk 0:16:40]} Kf7 {[%clk 0:20:36]} 34. Qd4 {[%clk 0:16:08]} Rg8
{[%clk 0:18:05]} 35. Qf6+ 1-0

[Event "WCO2014"]
[Site "Tromso"]
[Date "2014.08.09"]
[Round "7.17"]
[WhiteID "7001886"]
[White "Mitsuya Naoto"]
[BlackID "12600113"]
[Black "Thompson Edward Nii Lamptey"]
[Result "1-0"]
[LiveChessVersion "1.4.3"]
[BlackElo "1854"]
[WhiteElo "2024"]

1. d4 {[%clk 1:30:53]} d5 {[%clk 1:30:53]} 2. c4 {[%clk 1:31:17]} c6
{[%clk 1:31:17]} 3. cxd5 {[%clk 1:31:28]} cxd5 {[%clk 1:31:42]} 4. Nc3
{[%clk 1:31:42]} Nf6 {[%clk 1:31:34]} 5. Bf4 {[%clk 1:31:35]} e6 {[%clk 1:31:38]}
6. e3 {[%clk 1:31:36]} Nc6 {[%clk 1:31:21]} 7. Bd3 {[%clk 1:29:56]} Bd6
{[%clk 1:31:30]} 8. Bg3 {[%clk 1:26:36]} a6 {[%clk 1:30:10]} 9. Nf3
{[%clk 1:25:08]} O-O {[%clk 1:29:51]} 10. Rc1 {[%clk 1:23:02]} h6
{[%clk 1:22:46]} 11. O-O {[%clk 1:19:28]} Bxg3 {[%clk 1:19:55]} 12. hxg3
{[%clk 1:19:46]} Qd6 {[%clk 1:20:06]} 13. Bb1 {[%clk 1:15:12]} e5
{[%clk 1:16:46]} 14. dxe5 {[%clk 1:12:03]} Nxe5 {[%clk 1:16:06]} 15. Nxe5
{[%clk 1:07:18]} Qxe5 {[%clk 1:16:26]} 16. Qd3 {[%clk 1:05:29]} g6
{[%clk 1:10:42]} 17. Qd4 {[%clk 1:00:14]} Qxd4 {[%clk 1:08:41]} 18. exd4
{[%clk 0:59:59]} Be6 {[%clk 1:09:06]} 19. Rfe1 {[%clk 0:59:37]} Rac8
{[%clk 1:08:49]} 20. Bxg6 {[%clk 0:56:10]} Rc4 {[%clk 1:02:54]} 21. Bc2
{[%clk 0:52:03]} Rxd4 {[%clk 1:01:41]} 22. Bb3 {[%clk 0:45:18]} Rd2
{[%clk 0:54:22]} 23. Re2 {[%clk 0:43:41]} Rxe2 {[%clk 0:52:42]} 24. Nxe2
{[%clk 0:44:06]} Rc8 {[%clk 0:51:00]} 25. Rd1 {[%clk 0:41:57]} Kf8
{[%clk 0:50:34]} 26. f3 {[%clk 0:41:06]} Ke7 {[%clk 0:50:26]} 27. Kf2
{[%clk 0:40:50]} Kd6 {[%clk 0:48:10]} 28. Ke3 {[%clk 0:38:33]} b5
{[%clk 0:47:56]} 29. g4 {[%clk 0:35:07]} a5 {[%clk 0:47:45]} 30. Nd4
{[%clk 0:31:23]} Bd7 {[%clk 0:45:25]} 31. Rh1 {[%clk 0:28:25]} a4
{[%clk 0:41:59]} 32. Rxh6 {[%clk 0:24:15]} Ke7 {[%clk 0:36:53]} 33. Bd1
{[%clk 0:23:04]} Rc1 {[%clk 0:32:33]} 34. Kd2 {[%clk 0:21:32]} Rc4
{[%clk 0:32:45]} 35. Ke3 {[%clk 0:14:53]} Rc1 {[%clk 0:31:51]} 36. Bc2
{[%clk 0:14:46]} Ra1 {[%clk 0:31:44]} 37. a3 {[%clk 0:14:28]} Ra2
{[%clk 0:29:48]} 38. g5 {[%clk 0:13:05]} Ne8 {[%clk 0:28:41]} 39. Rh7
{[%clk 0:08:55]} Kf8 {[%clk 0:26:32]} 40. g6 {[%clk 0:08:45]} Ng7
{[%clk 0:24:58]} 41. Rh8+ {[%clk 0:06:48]} Ke7 {[%clk 0:25:18]} 42. Rg8
{[%clk 0:06:06]} Ne6 {[%clk 0:18:16]} 43. g7 {[%clk 0:01:22]} Nxg7
{[%clk 0:15:20]} 44. Rxg7 {[%clk 0:01:06]} Rxb2 {[%clk 0:15:47]} 45. Rg8
{[%clk 0:24:34]} Ra2 {[%clk 0:45:55]} 46. Rb8 {[%clk 0:23:43]} Rxa3+
{[%clk 0:46:21]} 47. Kd2 {[%clk 0:23:51]} Ra1 {[%clk 0:42:47]} 48. Nxb5
{[%clk 0:22:14]} a3 {[%clk 0:43:10]} 49. Nc3 {[%clk 0:22:02]} a2 {[%clk 0:42:10]}
50. Ra8 {[%clk 0:22:11]} Rg1 {[%clk 0:39:06]} 51. Rxa2 {[%clk 0:22:08]} Rxg2+
{[%clk 0:39:21]} 52. Ke3 {[%clk 0:20:47]} Be6 {[%clk 0:38:47]} 53. Bb3
{[%clk 0:19:07]} Rg5 {[%clk 0:36:41]} 54. Kd4 {[%clk 0:18:19]} Rf5
{[%clk 0:36:29]} 55. Bxd5 {[%clk 0:17:01]} Rf4+ {[%clk 0:30:36]} 56. Ke5
{[%clk 0:15:22]} Rf5+ {[%clk 0:30:48]} 57. Ke4 {[%clk 0:15:38]} Kf6
{[%clk 0:31:11]} 58. Bxe6 {[%clk 0:15:25]} fxe6 {[%clk 0:31:36]} 59. f4
{[%clk 0:14:59]} Rc5 {[%clk 0:31:27]} 60. Ne2 {[%clk 0:14:43]} Rc6
{[%clk 0:29:21]} 61. Nd4 {[%clk 0:14:50]} Rb6 {[%clk 0:29:18]} 62. Rc2
{[%clk 0:15:07]} Rb1 {[%clk 0:28:43]} 63. Re2 {[%clk 0:14:03]} Rb6
{[%clk 0:29:10]} 64. Kf3 {[%clk 0:13:49]} Ra6 {[%clk 0:29:26]} 65. Kg4
{[%clk 0:14:12]} Rd6 {[%clk 0:29:00]} 66. Rxe6+ {[%clk 0:13:06]} Rxe6
{[%clk 0:29:17]} 67. Nxe6 {[%clk 0:13:32]} Kxe6 {[%clk 0:29:18]} 68. Kg5
{[%clk 0:13:58]} Ke7 {[%clk 0:29:20]} 69. Kg6 {[%clk 0:14:22]} Ke8
{[%clk 0:28:34]} 70. Kg7 {[%clk 0:14:44]} 1-0

[Event "WCO2014"]
[Site "Tromso"]
[Date "2014.08.09"]
[Round "7.9"]
[WhiteID "4700236"]
[White "Dervishi Erald"]
[BlackID "806404"]
[Black "Efimov Igor"]
[Result "1-0"]
[LiveChessVersion "1.4.3"]
[BlackElo "2408"]
[WhiteElo "2581"]

1. e4 {[%clk 1:30:57]} e5 {[%clk 1:28:50]} 2. Nf3 {[%clk 1:31:20]} Nc6
{[%clk 1:29:14]} 3. Bb5 {[%clk 1:31:45]} a6 {[%clk 1:29:38]} 4. Ba4
{[%clk 1:32:10]} Nge7 {[%clk 1:30:01]} 5. d4 {[%clk 1:21:32]} exd4
{[%clk 1:22:07]} 6. Nxd4 {[%clk 1:19:05]} g6 {[%clk 1:22:29]} 7. Bg5
{[%clk 1:15:00]} Bg7 {[%clk 1:18:45]} 8. Nxc6 {[%clk 1:14:39]} bxc6
{[%clk 1:19:06]} 9. c3 {[%clk 1:14:33]} O-O {[%clk 1:18:50]} 10. O-O
{[%clk 1:13:31]} Rb8 {[%clk 0:42:55]} 11. Qd2 {[%clk 1:02:46]} c5
{[%clk 0:41:49]} 12. e5 {[%clk 0:45:00]} Bxe5 {[%clk 0:29:53]} 13. Re1
{[%clk 0:44:16]} f6 {[%clk 0:30:22]} 14. Bh6 {[%clk 0:41:07]} Rf7
{[%clk 0:27:18]} 15. Na3 {[%clk 0:37:48]} d5 {[%clk 0:27:06]} 16. Nc4
{[%clk 0:31:04]} Bd6 {[%clk 0:27:19]} 17. Nxd6 {[%clk 0:29:15]} cxd6
{[%clk 0:27:06]} 18. Bf4 {[%clk 0:26:11]} Rb6 {[%clk 0:17:23]} 19. Re3
{[%clk 0:22:39]} Bd7 {[%clk 0:17:21]} 20. Bxd7 {[%clk 0:19:59]} Qxd7
{[%clk 0:17:45]} 21. Rae1 {[%clk 0:20:19]} g5 {[%clk 0:10:44]} 22. Bg3
{[%clk 0:20:01]} Kg7 {[%clk 0:11:12]} 23. Re6 {[%clk 0:19:17]} h6
{[%clk 0:09:12]} 24. b3 {[%clk 0:13:36]} a5 {[%clk 0:09:14]} 25. h3
{[%clk 0:12:14]} Ra6 {[%clk 0:08:02]} 26. Qe2 {[%clk 0:11:11]} Ra7
{[%clk 0:08:04]} 27. Bxd6 {[%clk 0:10:41]} Ng6 {[%clk 0:08:24]} 28. Qe3
{[%clk 0:08:11]} Ne5 {[%clk 0:08:34]} 29. Rxf6 {[%clk 0:03:47]} Kxf6
{[%clk 0:09:02]} 30. Qxe5+ {[%clk 0:03:45]} Kg6 {[%clk 0:09:30]} 31. Qxd5
{[%clk 0:03:50]} Qf5 {[%clk 0:09:41]} 32. Qxc5 {[%clk 0:03:25]} Rad7
{[%clk 0:09:45]} 33. Be5 {[%clk 0:02:15]} Rd2 {[%clk 0:09:52]} 34. Qb6+
{[%clk 0:02:08]} Kh7 {[%clk 0:10:16]} 35. Bd4 {[%clk 0:02:27]} h5
{[%clk 0:08:26]} 36. a4 {[%clk 0:01:41]} h4 {[%clk 0:08:47]} 37. Qe6
{[%clk 0:01:32]} Rb2 {[%clk 0:07:48]} 38. Qxf5+ {[%clk 0:01:25]} Rxf5
{[%clk 0:08:16]} 39. Re7+ {[%clk 0:01:47]} Kg6 {[%clk 0:07:54]} 40. Rg7+
{[%clk 0:02:05]} Kh5 {[%clk 0:07:36]} 41. Rb7 {[%clk 0:02:18]} Rd5
{[%clk 0:04:56]} 42. Rb6 {[%clk 0:27:22]} Rd7 {[%clk 0:31:26]} 43. Kh2
{[%clk 0:24:05]} Rd5 {[%clk 0:16:30]} 44. Bg7 {[%clk 0:23:37]} g4
{[%clk 0:16:48]} 45. hxg4+ {[%clk 0:23:54]} Kxg4 {[%clk 0:17:16]} 46. c4
{[%clk 0:23:56]} 1-0

[Event "WCO2014"]
[Site "Tromso"]
[Date "2014.08.09"]
[Round "7.10"]
[WhiteID "200999"]
[White "Van Hoolandt Patrick"]
[BlackID "4700600"]
[Black "Mehmeti Dritan"]
[Result "0-1"]
[LiveChessVersion "1.4.3"]
[BlackElo "2416"]
[WhiteElo "2236"]

1. d4 {[%clk 1:30:55]} Nf6 {[%clk 1:30:54]} 2. c4 {[%clk 1:30:08]} e6
{[%clk 1:31:11]} 3. Nf3 {[%clk 1:29:44]} c5 {[%clk 1:25:58]} 4. d5
{[%clk 1:29:58]} b5 {[%clk 1:22:42]} 5. dxe6 {[%clk 1:30:11]} fxe6
{[%clk 1:23:01]} 6. cxb5 {[%clk 1:30:32]} d5 {[%clk 1:23:15]} 7. Bg5
{[%clk 1:30:09]} h6 {[%clk 1:12:54]} 8. Bxf6 {[%clk 1:15:57]} Qxf6
{[%clk 1:13:06]} 9. Nc3 {[%clk 1:16:08]} Bb7 {[%clk 1:11:12]} 10. e3
{[%clk 1:05:15]} Nd7 {[%clk 1:08:29]} 11. Be2 {[%clk 0:58:48]} Bd6
{[%clk 1:05:48]} 12. a4 {[%clk 0:51:19]} O-O {[%clk 0:59:42]} 13. O-O
{[%clk 0:48:31]} Rad8 {[%clk 0:57:46]} 14. Qc2 {[%clk 0:46:15]} Ne5
{[%clk 0:54:09]} 15. Nd2 {[%clk 0:37:36]} Qh4 16. f4 {[%clk 0:32:50]} d4
{[%clk 0:36:33]} 17. Nce4 {[%clk 0:21:58]} d3 {[%clk 0:30:38]} 18. Bxd3
{[%clk 0:21:04]} Nxd3 {[%clk 0:30:55]} 19. Qxd3 {[%clk 0:17:03]} Bxf4
{[%clk 0:30:01]} 20. Rxf4 {[%clk 0:16:17]} Rxf4 {[%clk 0:30:18]} 21. Qc3
{[%clk 0:01:51]} Rxe4 {[%clk 0:29:24]} 22. g3 {[%clk 0:01:38]} Qg4
{[%clk 0:28:31]} 0-1

[Event "WCO2014"]
[Site "Tromso"]
[Date "2014.08.09"]
[Round "7.11"]
[WhiteID "4700066"]
[White "Ashiku Franc"]
[BlackID "623830"]
[Black "Nelis Jean-Francois"]
[Result "1-0"]
[LiveChessVersion "1.4.3"]
[BlackElo "2224"]
[WhiteElo "2284"]

1. e4 {[%clk 1:30:57]} e6 {[%clk 1:30:48]} 2. d4 {[%clk 1:31:18]} d5
{[%clk 1:31:09]} 3. Nd2 {[%clk 1:31:40]} Nf6 {[%clk 1:31:18]} 4. e5
{[%clk 1:32:04]} Nfd7 {[%clk 1:31:42]} 5. f4 {[%clk 1:32:28]} c5 {[%clk 1:31:13]}
6. Ngf3 {[%clk 1:32:42]} Nc6 {[%clk 1:29:55]} 7. Nb3 {[%clk 1:33:03]} c4
{[%clk 1:16:19]} 8. Nbd2 {[%clk 1:33:28]} b5 {[%clk 1:16:44]} 9. Be2
{[%clk 1:33:51]} Nb6 {[%clk 1:16:20]} 10. Nf1 {[%clk 1:34:13]} h5
{[%clk 1:14:05]} 11. Ne3 {[%clk 1:33:16]} g6 {[%clk 1:09:50]} 12. O-O
{[%clk 1:33:37]} Bd7 {[%clk 1:09:02]} 13. Bd2 {[%clk 1:33:40]} b4
{[%clk 1:02:28]} 14. c3 {[%clk 1:23:17]} bxc3 {[%clk 0:59:24]} 15. bxc3
{[%clk 1:23:41]} Be7 {[%clk 0:55:39]} 16. Qe1 {[%clk 1:21:46]} Na5
{[%clk 0:50:32]} 17. Qg3 {[%clk 1:18:50]} Bc6 {[%clk 0:49:20]} 18. Bd1
{[%clk 1:01:22]} Ba4 {[%clk 0:46:53]} 19. Bxa4+ {[%clk 0:52:54]} Nxa4
{[%clk 0:47:17]} 20. Rab1 {[%clk 0:45:12]} Nc6 {[%clk 0:44:26]} 21. Ng5
{[%clk 0:44:07]} Bxg5 {[%clk 0:42:49]} 22. fxg5 {[%clk 0:43:32]} Rb8
{[%clk 0:38:20]} 23. Qf3 {[%clk 0:43:36]} O-O {[%clk 0:34:52]} 24. h4
{[%clk 0:41:48]} Rxb1 {[%clk 0:34:45]} 25. Rxb1 {[%clk 0:41:45]} Ne7
{[%clk 0:27:54]} 26. Qf6 {[%clk 0:39:34]} Nb6 {[%clk 0:20:54]} 27. Kh2
{[%clk 0:33:50]} Nd7 {[%clk 0:18:27]} 28. Qf3 {[%clk 0:33:17]} Qc7
{[%clk 0:17:19]} 29. Bc1 {[%clk 0:27:50]} Rb8 {[%clk 0:11:29]} 30. Rxb8+
{[%clk 0:28:06]} Qxb8 {[%clk 0:11:23]} 31. Ba3 {[%clk 0:28:11]} Kf8
{[%clk 0:05:37]} 32. Bd6 {[%clk 0:26:08]} Qb1 {[%clk 0:05:42]} 33. Nxd5
{[%clk 0:26:27]} exd5 {[%clk 0:05:36]} 34. e6 {[%clk 0:26:51]} Ne5
{[%clk 0:02:55]} 35. Bxe7+ {[%clk 0:19:13]} Kxe7 {[%clk 0:03:15]} 36. Qf6+
{[%clk 0:19:34]} Kf8 {[%clk 0:01:43]} 37. Qxe5 {[%clk 0:14:42]} Qxa2
{[%clk 0:00:57]} 38. Qf6 {[%clk 0:14:53]} 1-0

[Event "WCO2014"]
[Site "Tromso"]
[Date "2014.08.09"]
[Round "7.12"]
[WhiteID "5400040"]
[White "Ribbegren Karl Johan"]
[BlackID "4700031"]
[Black "Seitaj Ilir"]
[Result "0-1"]
[LiveChessVersion "1.4.3"]
[BlackElo "2382"]
[WhiteElo "2211"]

1. Nf3 {[%clk 1:30:58]} Nf6 {[%clk 1:30:40]} 2. c4 {[%clk 1:30:36]} e6
{[%clk 1:28:59]} 3. e3 {[%clk 1:28:53]} d5 {[%clk 1:24:11]} 4. b3
{[%clk 1:27:52]} c5 {[%clk 1:24:20]} 5. Bb2 {[%clk 1:27:29]} Nc6 {[%clk 1:24:42]}
6. d3 {[%clk 1:24:54]} Be7 {[%clk 1:23:22]} 7. Nbd2 {[%clk 1:24:06]} O-O
{[%clk 1:23:38]} 8. Be2 {[%clk 1:23:48]} d4 {[%clk 1:22:09]} 9. exd4
{[%clk 1:20:03]} cxd4 {[%clk 1:18:41]} 10. O-O {[%clk 1:20:10]} e5
{[%clk 1:17:55]} 11. Ne1 {[%clk 1:18:35]} Bf5 {[%clk 1:15:55]} 12. Bf3
{[%clk 1:16:00]} Qc7 {[%clk 1:13:01]} 13. Qe2 {[%clk 1:15:15]} Rfe8
{[%clk 1:10:19]} 14. a3 {[%clk 1:14:19]} a5 {[%clk 1:04:40]} 15. Rb1
{[%clk 1:08:42]} Bg6 {[%clk 1:02:55]} 16. h4 {[%clk 1:05:59]} h6 {[%clk 1:00:50]}
17. g3 {[%clk 1:03:44]} Rad8 {[%clk 0:55:57]} 18. Bc1 {[%clk 0:53:44]} Bf8
{[%clk 0:52:54]} 19. h5 {[%clk 0:50:33]} Bh7 {[%clk 0:48:55]} 20. g4
{[%clk 0:45:29]} Qd7 {[%clk 0:44:17]} 21. Bxc6 {[%clk 0:41:46]} Qxc6
{[%clk 0:42:02]} 22. f3 {[%clk 0:41:51]} Nd7 {[%clk 0:38:54]} 23. Ne4
{[%clk 0:39:24]} f5 {[%clk 0:37:50]} 24. gxf5 {[%clk 0:37:44]} Bxf5
{[%clk 0:38:11]} 25. Ng2 {[%clk 0:35:20]} Be7 {[%clk 0:35:27]} 26. Qe1
{[%clk 0:33:09]} Nf6 {[%clk 0:28:10]} 27. Qxa5 {[%clk 0:30:26]} Nxh5
{[%clk 0:25:34]} 28. Kh2 {[%clk 0:23:15]} Ra8 {[%clk 0:22:36]} 29. Qe1
{[%clk 0:18:50]} Bxa3 {[%clk 0:21:59]} 30. Bd2 {[%clk 0:19:02]} Be7
{[%clk 0:21:56]} 31. Rb2 {[%clk 0:18:17]} Rf8 {[%clk 0:21:45]} 32. b4
{[%clk 0:17:26]} Ra3 {[%clk 0:21:11]} 33. b5 {[%clk 0:16:12]} Qe6
{[%clk 0:19:07]} 34. Qe2 {[%clk 0:15:40]} Qg6 {[%clk 0:17:49]} 35. Be1
{[%clk 0:14:47]} Bc8 {[%clk 0:13:29]} 36. c5 {[%clk 0:11:20]} Qe6
{[%clk 0:12:37]} 37. Rh1 {[%clk 0:10:32]} Nf6 {[%clk 0:12:20]} 38. Bb4
{[%clk 0:07:32]} Ra8 {[%clk 0:10:53]} 39. Rf1 {[%clk 0:05:10]} Nd5
{[%clk 0:10:39]} 40. Bd2 {[%clk 0:04:39]} Ra3 {[%clk 0:10:39]} 41. Kg1
{[%clk 0:02:55]} Nc3 {[%clk 0:02:34]} 42. Bxc3 {[%clk 0:00:59]} dxc3
{[%clk 0:02:50]} 43. Rc2 {[%clk 0:00:45]} Qd5 {[%clk 0:02:49]} 44. Kh2
{[%clk 0:24:52]} Bxc5 {[%clk 0:32:12]} 45. Nxc3 {[%clk 0:24:46]} Qe6
{[%clk 0:32:05]} 46. Ne3 {[%clk 0:23:16]} Qh3+ {[%clk 0:32:17]} 47. Kg1
{[%clk 0:23:45]} Qg3+ {[%clk 0:30:32]} 48. Kh1 {[%clk 0:24:01]} Rf4
{[%clk 0:29:14]} 49. Rf2 {[%clk 0:21:06]} Rh4+ {[%clk 0:29:18]} 50. Rh2
{[%clk 0:21:30]} Rxh2+ {[%clk 0:28:47]} 51. Qxh2 {[%clk 0:21:57]} Qe1+
{[%clk 0:27:35]} 52. Kg2 {[%clk 0:21:20]} Rxc3 {[%clk 0:27:06]} 0-1

[Event "WCO2014"]
[Site "Tromso"]
[Date "2014.08.09"]
[Round "7.5"]
[WhiteID "11000430"]
[White "Mandizha Farai"]
[BlackID "12200085"]
[Black "Nadir Samir"]
[Result "1-0"]
[LiveChessVersion "1.4.3"]
[BlackElo "2141"]
[WhiteElo "2388"]

1. c4 {[%clk 1:30:48]} f5 {[%clk 1:29:41]} 2. Nf3 {[%clk 1:24:58]} Nf6
{[%clk 1:29:41]} 3. g3 {[%clk 1:23:19]} e6 {[%clk 1:27:51]} 4. Bg2
{[%clk 1:23:21]} d5 {[%clk 1:26:06]} 5. O-O {[%clk 1:23:18]} c6 {[%clk 1:23:34]}
6. Qc2 {[%clk 1:21:13]} Be7 {[%clk 1:21:48]} 7. d4 {[%clk 1:19:15]} O-O
{[%clk 1:21:55]} 8. Ne5 {[%clk 1:19:24]} Nbd7 {[%clk 1:10:36]} 9. Nd3
{[%clk 1:19:36]} dxc4 {[%clk 1:09:03]} 10. Qxc4 {[%clk 1:20:03]} Nb6
{[%clk 1:09:25]} 11. Qc3 {[%clk 1:19:44]} Ne4 {[%clk 1:07:40]} 12. Bxe4
{[%clk 1:19:53]} fxe4 {[%clk 1:07:54]} 13. Nc5 {[%clk 1:19:26]} Nd5
{[%clk 0:58:36]} 14. Qc2 {[%clk 1:17:56]} e3 {[%clk 0:55:49]} 15. Bxe3
{[%clk 1:12:40]} Nxe3 {[%clk 0:49:16]} 16. fxe3 {[%clk 1:13:05]} Rxf1+
{[%clk 0:46:43]} 17. Kxf1 {[%clk 1:13:33]} e5 {[%clk 0:44:56]} 18. Nd2
{[%clk 1:12:02]} Bh3+ {[%clk 0:42:14]} 19. Ke1 {[%clk 1:12:02]} exd4
{[%clk 0:41:08]} 20. Qc4+ {[%clk 1:11:37]} Kh8 {[%clk 0:40:31]} 21. exd4
{[%clk 1:11:54]} b5 {[%clk 0:33:17]} 22. Qc3 {[%clk 1:11:33]} Bf6
{[%clk 0:24:40]} 23. Ncb3 {[%clk 1:08:24]} Qd5 {[%clk 0:18:38]} 24. Qf3
{[%clk 1:06:18]} a5 {[%clk 0:08:50]} 25. Qxd5 {[%clk 1:01:01]} cxd5
{[%clk 0:09:19]} 26. Nf3 {[%clk 1:01:10]} a4 {[%clk 0:08:38]} 27. Nbd2
{[%clk 1:00:53]} a3 {[%clk 0:03:52]} 28. b3 {[%clk 1:01:08]} Rc8 {[%clk 0:03:50]}
29. Kd1 {[%clk 1:01:35]} b4 {[%clk 0:03:13]} 30. Rc1 {[%clk 1:01:42]} Rxc1+
{[%clk 0:03:10]} 31. Kxc1 {[%clk 1:02:09]} Bf5 {[%clk 0:03:26]} 32. Ne5
{[%clk 0:59:56]} Bxe5 {[%clk 0:01:39]} 33. dxe5 {[%clk 1:00:24]} Kg8
{[%clk 0:01:39]} 34. Nf3 {[%clk 1:00:53]} Kf7 {[%clk 0:01:26]} 35. Nd4
{[%clk 1:01:16]} Bg4 {[%clk 0:01:04]} 36. Kd2 {[%clk 1:01:31]} Ke7
{[%clk 0:01:15]} 37. Ke3 {[%clk 1:01:17]} g5 {[%clk 0:01:22]} 38. h4
{[%clk 0:57:50]} gxh4 {[%clk 0:01:24]} 39. gxh4 {[%clk 0:57:50]} Bh5
{[%clk 0:01:40]} 40. Nf5+ {[%clk 0:54:49]} Kf7 {[%clk 0:01:27]} 41. Kd4
{[%clk 0:50:12]} Bg6 {[%clk 0:01:04]} 42. Nd6+ {[%clk 0:49:40]} Ke6
{[%clk 0:28:10]} 43. e4 {[%clk 1:21:09]} dxe4 {[%clk 0:25:01]} 44. Nxe4
{[%clk 1:21:37]} Kf5 {[%clk 0:22:02]} 45. h5 {[%clk 1:20:03]} 1-0